000 00287nam a2200121Ia 4500
008 190216s9999||||xx |||||||||||||| ||und||
100 _aGupta B N
245 0 _aIntroduction To Modern Statistics
260 _bBook Land Pvt Ltd
_c1973
300 _a887p
650 _aCommerce
942 _cBK
999 _c4228
_d4228